Новые средства передачи электроэнергии в энергосистемах

Bibliographic Details
Other Authors: Александров Г. Н. Георгий Николаевич (редактор)
Summary:Авт. указаны на 4-й с.
Language:Russian
Published: Ленинград, Изд-во ЛГУ, 1987
Subjects:
Format: Book
KOHA link:https://koha.lib.tpu.ru/cgi-bin/koha/opac-detail.pl?biblionumber=107064

MARC

LEADER 00000nam0a2200000 4500
001 107064
005 20231031115129.0
020 |a RU 
035 |a (RuTPU)RU\TPU\book\115604 
090 |a 107064 
100 |a 20061216d1987 km y0rusy5003 ca 
101 0 |a rus 
102 |a RU 
105 |a a z 001zy 
200 1 |a Новые средства передачи электроэнергии в энергосистемах  |f под ред. Г. Н. Александрова 
210 |a Ленинград  |c Изд-во ЛГУ  |d 1987 
215 |a 230,[1] с.  |c ил.  |d 22 см 
300 |a Авт. указаны на 4-й с. 
320 |a Библиогр.: с. 227-229 (50 назв.) 
610 1 |a электрическая энергия 
610 1 |a передача 
610 1 |a переменный ток 
610 1 |a энергосистемы 
610 1 |a воздушные линии электропередачи 
610 1 |a мощность 
675 |a 621.315.05  |z rus 
702 1 |a Александров  |b Г. Н.  |g Георгий Николаевич  |4 340 
801 0 |a RU  |b RuMRKP  |c 19960705  |g psbo 
801 1 |a RU  |b 63413507  |c 20061216  |g PSBO 
801 2 |a RU  |b 63413507  |c 20170901  |g PSBO 
900 |a Электропередачи сверхвысокого напряжения 
942 |c BK